00535 2200169 4500001002100000005001500021035002000036007000300056008003900059082000700098084001300105100002000118245012400138260004600262650004200308990001500350INLIS00000000000988820260415094724 a0010-0426000245ta260415 | | |  a22 a22 MEL a0 aMELLY ALIA SARI1 aANALISIS FAKTOR YANG MEMENGARUHI RENDAHNYA PEMAHAMAN LITERASI KEUANGAN PESERTA DIDIK SMAN-1 KASONGAN /cMELLY ALIA SARI aPALANGKA RAYA :bPERPUSTAKAAN UMPR,c2026 4aRENDAHNYA PEMAHAMAN LITERASI KEUANGAN a2222026696